00924cam a2200229 a 450000100100000000500170001000800410002702000150006803500190008304000250010208200190012710000350014624500890018126000400027030000200031065000320033065000440036270000350040695201160044195201220055799900150067900000510720200929151600.0971030s1997 ec 001 p spa d a9978871683 a(DLC) 97210414 aDO-SdBNPbspacBNPHU aE861.44bG662c1 aGordon-Vailakis, Ivón91464110aColibríes en el exilio /cIvón Gordon Vailakis ; ilustración Mirta González. aQuito, Ecuador :bEl Conejo,c1997. a73 p. ;c20 cm. 4aPoesía ecuatoriana913387 4aLiteratura ecuatorianaySIGLO XX9144201 aGonzález, Mirta,eil.914642 001050718MOaGRbGRcHDd2009-07-29iLF1l0oE861.44 G662cp5107-10r2020-06-25w2020-06-25y1ZNo se presta 001150718MOaGRbGRcMId2017-06-02iLF1l0oE861.44 G662cp5107-20r2020-06-25te. 2w2020-06-25y1ZNo se presta c4910d4910